| 000 | 00473nam a2200181 4500 | ||
|---|---|---|---|
| 001 | 17953 | ||
| 005 | 20230410132803.0 | ||
| 008 | 060907n2001 dr spa | ||
| 020 | _a0764553267 | ||
| 035 | _9funglode18094 | ||
| 041 | _aEN | ||
| 050 | 1 | 4 | _aQH 307.2 S575b 2001 |
| 100 | _aSiegfried, Donna Rae | ||
| 245 | 1 |
_aBiology for dummies / _cby Donna Rae Siegfried |
|
| 260 |
_aNew York : _bHungry Minds, _c2001 |
||
| 300 | _axxii, 362 p. | ||
| 942 |
_2lcc _cbk |
||
| 999 |
_c87768 _d87768 |
||